000 01830cam a2200445 4500
001 13981
003 http://catalogue.bnf.fr/ark:/12148/cb47499957m
005 20251211161016.0
010 _a9782958676483
_d6 EUR
020 _aFR
_b02437068
073 0 _a9782958676483
090 _a13981
099 _o0
100 _a20240621d2024 a y0frey50 ba
101 0 _afre
102 _aFR
105 _a||||z 00|a|
181 0 _601
_ai
_bxxxe
181 _602
_ctxt
_2rdacontent
182 0 _601
_an
182 _602
_cn
_2rdamedia
200 1 _aIl y a mieu
_bLIVR
214 0 _cla Maison théâtre
_dDL 2024
214 3 _cOtt impr.
214 0 _aStrasbourg
214 3 _a67-Wasselonne
215 _a1 vol. (41 p.)
215 _d21 cm
225 _aLes cahiers théâtre
_vn° 16
225 _e14-18 ans
300 _aCommande de la Maison théâtre dans le cadre du projet "Que ça bouge !"
330 _aEn attendant le bus qui mène à la journée mondiale, des jeunes rédigent un manifeste. Une belle occasion de brasser toutes les grandes idées sur la société, nos valeurs … et de partager leurs convictions avec d'autres passant·e·s. Mais, est-ce si facile d'inventer un autre monde ? Sébastien Joanniez dresse un tableau réaliste, tendre et facétieux de nos utopies compliquées à mettre en oeuvre mais nécessaires si nous voulons que ça bouge!
410 0 _047252827
410 0 _tLes Cahiers théâtre (Strasbourg)
_x3039-5577
_v16
610 _aMannifestation
_aEngagement
_ajeunesse
686 _a802
_2Cadre de classement de la Bibliographie nationale française
700 _aJoanniez
_bSébastien
_f1974-....
700 _313503450
_oISNI0000000017236336
_4070
801 0 _aFR
_bFR-751131015
_c20240621
_gAFNOR
_hFRBNF474999570000003
856 2 _u894149
_bPremière de couverture